| 000 | 00564nam a22001937a 4500 | ||
|---|---|---|---|
| 999 |
_c12341 _d12341 |
||
| 008 | 230421b 2019 ||||| |||| 00| 0 eng d | ||
| 020 | _a9789382291954 | ||
| 082 |
_a623.8171 _bBAR |
||
| 100 | _aBarrass, C. B. | ||
| 245 | _aShip stability for masters and mates | ||
| 250 | _a7th ed | ||
| 260 |
_aNew Delhi _bElsevier _c2019 |
||
| 300 | _axiv, 567p. | ||
| 650 | _aTPC and Displacement Free surface on stability | ||
| 650 | _aAngle of Loll | ||
| 650 | _aAspects of Trim - The Main Factors Involved | ||
| 700 |
_aDerrett, D. R. _eCo-author |
||
| 942 | _cBK | ||